000 00229nam a2200109Ia 4500
008 190216s9999||||xx |||||||||||||| ||und||
100 _aVasu E
245 0 _aKalkatha O Kalkatha
260 _bNull
650 _aNovel
942 _cBK
999 _c25648
_d25648